Teaching music in American society : a social and cultural understanding of teaching music /

Bibliographic Details
Main Author: Kelly, Steven N.
Format: Book
Language:English
Published: New York : Routledge, [2009]
Subjects:
Online Access:Table of contents only

MARC

Tag First Indicator Second Indicator Subfields
LEADER 00000cam a22000004a 4500
001 in00002507253
005 20151201114501.0
008 080528s2009 nyua b 001 0 eng
010 |a  2008023503 
020 |a 9780415992084 (hardback) 
020 |a 0415992087 (hardback) 
020 |a 9780415992091 (pbk.) 
020 |a 0415992095 (pbk.) 
020 |a 9780203886601 (ebook) 
020 |a 0203886607 (ebook) 
029 1 |a AU@  |b 000043154466 
035 |a (OCoLC)ocn231745516 
035 |a (OCoLC)231745516 
040 |a DLC  |c DLC  |d BAKER  |d YDXCP  |d C#P  |d BWX  |d CDX  |d IXA  |d HNW  |d UtOrBLW 
043 |a n-us--- 
049 |a TXAM 
050 0 0 |a MT1  |b .K36 2009 
082 0 0 |a 780.71/073  |2 22 
100 1 |a Kelly, Steven N. 
245 1 0 |a Teaching music in American society :  |b a social and cultural understanding of teaching music /  |c Steven N. Kelly. 
264 1 |a New York :  |b Routledge,  |c [2009] 
264 4 |c ©2009 
300 |a xiii, 186 pages :  |b illustrations ;  |c 26 cm. 
336 |a text  |b txt  |2 rdacontent 
337 |a unmediated  |b n  |2 rdamedia 
338 |a volume  |b nc  |2 rdacarrier 
504 |a Includes bibliographical references (pages [167]-179) and index. 
505 0 |a A sociological perspective -- Theoretical foundations -- The purposes of education -- Music education's role in society -- Equality of education -- Social components of music learning -- Social characteristics of effective teachers -- The teaching profession. 
650 0 |a Music  |x Instruction and study  |x Social aspects  |z United States. 
650 0 |a Teaching  |x Social aspects  |z United States. 
856 4 1 |3 Table of contents only  |u http://www.loc.gov/catdir/toc/ecip0820/2008023503.html  |t 0 
938 |a Baker & Taylor  |b BKTY  |c 95.00  |d 95.00  |i 0415992087  |n 0007628121  |s active 
938 |a Blackwell Book Service  |b BBUS  |n R3754584  |c $95.00 
938 |a YBP Library Services  |b YANK  |n 2838095 
938 |a Coutts Information Services  |b COUT  |n 7493343  |c 95.00 USD 
945 |a PromptCat  |b 932993 
946 |a stk 
947 |a A14840253496 
994 |a 92  |b TXA 
948 |a cataloged  |b h  |d 2010/3/25  |h c  |e asalazar  |f 3:48:49 pm 
999 |a MARS 
999 f f |s 0c6ad290-ebb1-3694-953c-bdc663902350  |i 0a20cb89-1a59-31d5-879c-1181b698f441  |t 0 
952 f f |p ric  |a Texas A&M University  |b Rellis Campus  |c Joint Library Facility  |d Remote Storage  |t 0  |e MT1 .K36 2009  |h Library of Congress classification  |i unmediated -- volume  |m A14840253496 
998 f f |a MT1 .K36 2009  |t 0  |l Remote Storage